| 000 | nam a22 7a 4500 | ||
|---|---|---|---|
| 999 |
_c330292 _d330292 |
||
| 003 | NUST | ||
| 005 | 20170616115435.0 | ||
| 008 | 170616b xxu||||| |||| 00| 0 eng d | ||
| 020 | _a0854033424 | ||
| 040 | _c0 | ||
| 082 | _a607.2025 EUR | ||
| 245 |
_aEuropean Collaboration in Science and Technology: _bA guide for the UK scientist and engineer |
||
| 260 |
_aLondon _bRoyal Society _c1987 |
||
| 300 | _a95p. | ||
| 500 | _aP..B | ||
| 942 |
_2ddc _cBK _kIESE |
||